000 01160nam a2200289 i 4500
003 DO-SdBNP
005 20250620092317.0
007 ta
008 250620b2024 dr a|||| |||| 00| 0 spa d
020 _a9789945649277
040 _aDO-SdBNP
_bspa
_cBNPHU
_drda
041 _aspa
082 4 _axxx
_bC962h
_222
100 1 _aCuba, Darío
_4aut.
_eautor
_919090
245 1 0 _aHablar bien abre puertas /
_cDarío Cuba ; prólogo, Adriano de la Cruz.
250 _aPrimera edición
264 _aSanto Domingo, República Dominicana :
_bPrintbarato, Layoot & Printing,
_c2024.
300 _axv, 106 páginas ;
_c23 cm.
336 _atexto
_btxt
_2rdacontent
337 _asin mediación
_bn
_2rdamedia
338 _avolumen
_bnc
_2rdacarrier
505 _aDedicatoria -- Prólogo -- Breves palabras -- Puntualizaciones -- Comunicación efectiva -- Aprovecha la experiencia ajena -- Predisponga su mente para el éxito -- Aproveche toda oportunidad -- La facultad de hablar -- ¿Qué es hablar bien? -- Cambio de paradigma
590 _aInventariado, 2025 /LP
700 1 _aCruz, Adriano de l a
_eprologuista
_4pr.
_988147
910 _aLP
942 _2ddc
_cLBS1
999 _c58964
_d58964